APEC Schools

Philippine Christmas : (Record no. 7148)

000 -LEADER
fixed length control field nam a22 7a 4500
005 - DATE AND TIME OF LATEST TRANSACTION
control field 20190227003844.0
008 - FIXED-LENGTH DATA ELEMENTS--GENERAL INFORMATION
fixed length control field 190227b xxu||||| |||| 00| 0 eng d
020 ## - IDENTIFIER FOR THE MANIFESTATION
Identifier for the Manifestation 971271246
Binding hard bound
040 ## - CATALOGING SOURCE
Language of Cataloging eng
Transcribing Agency APEC Schools Library
Description Conventions rda
082 ## - DEWEY DECIMAL CLASSIFICATION NUMBER
Classification number F 394.2663
Author's Number Al252p 2002
100 ## - CREATOR
Preferred Name of the Person Alejandro, Reynaldo G.
245 ## - TITLE AND STATEMENT OF RESPONSIBILITY
Preferred Title Proper Philippine Christmas :
Remainder of Title art & form /
Statement of Responsibility/Parallel Statement of Responsibility Reynaldo G. Alejandro,
-- Marla Yotoko Chorengel
-- Nelson Rivera
-- Manny Santos
-- Sonny Yabao
264 ## - PUBLICATION STATEMENT
Place of publication, distribution, etc Pasig City, PH :
Publisher's Name/Parallel Publisher's Name Anvil Publishing, Inc.,
Copyright ©2002.
300 ## - PHYSICAL DESCRIPTION
Extent 221 pages :
Illustrative Content colored illustrations ;
Dimensions 30 cm.
336 ## - RDA CONTENT
Source rdacontent
Content Type text
337 ## - RDA MEDIA
Source rdamedia
Media Type unmediated
338 ## - RDA CARRIER
Source rdacarrier
Carrier Type volume
600 ## - ADDED SUBJECT ACCESS POINT - PERSONAL NAME
Preferred Name of the Person Chorengel, Marla Yotoco
600 ## - ADDED SUBJECT ACCESS POINT - PERSONAL NAME
Preferred Name of the Person Rivera, Nelson
600 ## - ADDED SUBJECT ACCESS POINT - PERSONAL NAME
Preferred Name of the Person Santos Manny
600 ## - ADDED SUBJECT ACCESS POINT - PERSONAL NAME
Preferred Name of the Person Yabao, Sonny
650 ## - ADDED SUBJECT ACCESS POINT - TOPICAL TERM
Topical Term Christmas--Philippines.
942 ## - ADDED ENTRY ELEMENTS (KOHA)
Source of Classification
Koha Item Type Books
Holdings
Library Site Location Shelving Location Source of Acquisition Full Classification Number Accession Number Koha Item Type
APEC Silangan, Pateros Library APEC Silangan, Pateros Library Filipiniana Institutional Fund F 394.2663 Al252p 2002 B07-0000254 Non Fiction
APEC Sta. Rita Library APEC Sta. Rita Library Filipiniana Institutional Fund F 394.2663 Al252p 2002 B02-0000347 Non Fiction
APEC Tondo Library APEC Tondo Library Filipiniana Institutional Fund F 394.2663 Al252p 2002 A10-0000273 Non Fiction

Powered by Koha